Normal view
MARC view
- تأليف الخياط؛ عبدالعزيز عزت؛ مراجعة وتدقيق بدوي البيطار
Entry Personal Name
001 - CONTROL NUMBER
- control field: 53253
003 - CONTROL NUMBER IDENTIFIER
- control field: JO-AjAnu
005 - DATE AND TIME OF LATEST TRANSACTION
- control field: 20230606082740.0
008 - FIXED-LENGTH DATA ELEMENTS
- fixed length control field: 230606|| aca||aabn | a|a d
040 ## - CATALOGING SOURCE
- Original cataloging agency: JO-AjAnu
- Transcribing agency: JO-AjAnu
100 ## - HEADING--PERSONAL NAME
- Personal name: تأليف الخياط؛ عبدالعزيز عزت؛ مراجعة وتدقيق بدوي البيطار
670 ## - SOURCE DATA FOUND
- Source citation: Work cat.: (JO-AjAnu)27207: تأليف الخياط؛ عبدالعزيز عزت؛ مراجعة وتدقيق بدوي البيطار, author, مسيرة القانون المدني الأردني مستمدا من الفقه الإسلامي وضعه وإقراره